[Event "Karl Mala Memorial op-A 17th"]
[Site "Frankfurt"]
[Date "2014.08.02"]
[Round "4"]
[White "Kellerwessel, Ralf"]
[Black "Koch, Norbert"]
[Result "1-0"]
[WhiteElo "1927"]
[BlackElo "1576"]
[PlyCount "83"]
[EventDate "2014.07.31"]
[EventType "swiss"]
[EventRounds "7"]
[EventCountry "GER"]
[SourceTitle "EXT 2015"]
[Source "ChessBase"]
[SourceDate "2014.11.20"]
[SourceVersion "1"]
[SourceVersionDate "2014.11.20"]
[SourceQuality "1"]

1. Nf3 Nf6 2. c4 g6 3. Nc3 Bg7 4. e4 d6 5. d4 0-0 6. h3 Nbd7 7. Be2 e5 8. dxe5 Nxe5 9. Nxe5 dxe5 10. Qc2 c6 11. 0-0 Be6 12. Be3 Qc7 13. Rfd1 Rfd8 14. Rxd8+ Rxd8 15. Rd1 a6 16. b3 Rxd1+ 17. Bxd1 Qd6 18. Be2 Nd7 19. Na4 Bf8 20. c5 Qc7 21. b4 Be7 22. a3 a5 23. Kh2 axb4 24. axb4 Bf8 25. g3 Be7 26. Kg2 Bf6 27. Bg4 Bxg4 28. hxg4 Nf8 29. Nb6 Ne6 30. Nc4 Be7 31. Qd2 Kf8 32. f4 f6 33. g5 exf4 34. gxf6 fxe3 35. fxe7+ Kxe7 36. Qxe3 Kf6 37. Nd6 Qe7 38. Qc3+ Kg5 39. Qe3+ Kh5 40. Qf3+ Kg5 41. e5 h5 42. Nf7+ 1-0

[Event "Hessen-ch Gr-D 64th"]
[Site "Bad Vilbel"]
[Date "2010.04.03"]
[Round "3"]
[White "Babel, Dirk"]
[Black "Koch, Norbert"]
[Result "0-1"]
[WhiteElo "1557"]
[BlackElo "1662"]
[PlyCount "76"]
[EventDate "2010.03.31"]
[EventType "swiss"]
[EventRounds "5"]
[EventCountry "GER"]
[SourceTitle "EXT 2011"]
[Source "ChessBase"]
[SourceDate "2010.11.26"]
[SourceVersion "1"]
[SourceVersionDate "2010.11.26"]
[SourceQuality "1"]

1. e4 e6 2. d4 d5 3. exd5 exd5 4. Bf4 Nf6 5. Bd3 Be7 6. Nf3 0-0 7. 0-0 Bg4 8. Nbd2 Nc6 9. c3 Qd7 10. Qc2 h6 11. Rfe1 Rad8 12. Ne5 Nxe5 13. dxe5 Nh5 14. Be3 Bg5 15. Bxg5 hxg5 16. f3 Be6 17. g3 c5 18. g4 Nf4 19. Bf5 Rfe8 20. Nf1 d4 21. Ng3 d3 22. Qd2 Bxf5 23. gxf5 Qd5 24. e6 fxe6 25. fxe6 Rxe6 26. Ne4 c4 27. Re3 Rde8 28. Rae1 Qc6 29. Nxg5 Rxe3 30. Rxe3 Ne2+ 31. Kf2 Rf8 32. Re4 Qb6+ 33. Kg2 Qg1+ 34. Kh3 Qf1+ 35. Kh4 Qf2+ 36. Kg4 Qg2+ 37. Kh5 Qxh2+ 38. Nh3 Ng3+ 0-1

[Event "Hessen-ch Gr-D 64th"]
[Site "Bad Vilbel"]
[Date "2010.04.03"]
[Round "4"]
[White "Koch, Norbert"]
[Black "Kalmann, Max"]
[Result "1-0"]
[WhiteElo "1662"]
[BlackElo "1531"]
[PlyCount "79"]
[EventDate "2010.03.31"]
[EventType "swiss"]
[EventRounds "5"]
[EventCountry "GER"]
[SourceTitle "EXT 2011"]
[Source "ChessBase"]
[SourceDate "2010.11.26"]
[SourceVersion "1"]
[SourceVersionDate "2010.11.26"]
[SourceQuality "1"]

1. e4 e5 2. Nc3 c5 3. Bc4 d6 4. d3 Nf6 5. Bg5 Be6 6. Bb3 Be7 7. Nf3 Nc6 8. Qd2 a6 9. Bd5 Bxd5 10. Nxd5 Nxd5 11. exd5 Bxg5 12. Nxg5 Ne7 13. c4 h6 14. Nf3 f5 15. 0-0 0-0 16. a3 Ng6 17. b4 b6 18. Qc2 Qf6 19. Rab1 Rab8 20. Rb2 Nh4 21. Nxh4 Qxh4 22. Qa4 Qd4 23. Qc2 f4 24. bxc5 f3 25. gxf3 Rxf3 26. Kh1 Rxd3 27. cxd6 Qe4+ 28. f3 Qd4 29. Rg1 e4 30. fxe4 Qxe4+ 31. Qg2 Qd4 32. Re2 Rf8 33. Re7 Rf7 34. Re8+ Rf8 35. d7 Qf6 36. Rf1 Rd1 37. Rxd1 Qd6 38. Rf1 Qxd7 39. Rfxf8+ Kh7 40. Rh8# 1-0

[Event "Hessen-ch Gr-D 64th"]
[Site "Bad Vilbel"]
[Date "2010.04.02"]
[Round "1"]
[White "Koch, Norbert"]
[Black "Mattusch, Ralf"]
[Result "0-1"]
[WhiteElo "1662"]
[BlackElo "1574"]
[PlyCount "88"]
[EventDate "2010.03.31"]
[EventType "swiss"]
[EventRounds "5"]
[EventCountry "GER"]
[SourceTitle "EXT 2011"]
[Source "ChessBase"]
[SourceDate "2010.11.26"]
[SourceVersion "1"]
[SourceVersionDate "2010.11.26"]
[SourceQuality "1"]

1. e4 e6 2. d4 d5 3. Nd2 dxe4 4. Nxe4 Bd7 5. Nf3 Bc6 6. Bd3 Nd7 7. 0-0 Ngf6 8. Ng3 Be7 9. c4 b6 10. Qc2 Bb7 11. Re1 0-0 12. Bf4 Re8 13. Rad1 Bd6 14. Be3 Qe7 15. Ng5 h6 16. N5e4 Nxe4 17. Nxe4 Nf6 18. f3 Nxe4 19. fxe4 c5 20. d5 Qc7 21. g3 Rad8 22. Qf2 exd5 23. exd5 Bc8 24. Kg2 Bg4 25. Rc1 Qd7 26. Bf4 Bh3+ 27. Kg1 Be7 28. Be4 Bf6 29. Qf3 Bxb2 30. Rc2 Bd4+ 31. Be3 Rxe4 32. Qxe4 Bf5 33. Qh4 Bxe3+ 34. Rxe3 Bxc2 35. Re7 Qf5 36. Rxf7 Qxf7 37. Qxd8+ Kh7 38. d6 Bd3 39. h4 Bxc4 40. d7 Qf1+ 41. Kh2 Qf2+ 42. Kh3 Be6+ 43. g4 Qe3+ 44. Kh2 Qd2+ 0-1